000 01258nam a2200229 i 4500
005 20250415124208.0
008 250415s1998 pe fr 000 0 spa d
040 _aCENDOC CAAAP
_bspa
_cCAAAP
041 _aspa
050 _aRM 666.B59
_bI57
100 1 _95419
_aSilva Delgado, Hermann
245 1 0 _aBixa orellana L. /
_cHermann, Silva Delgado
250 _a1ra. ed.
260 1 _aIquitos, Perú :
_bInstituto de Medicina Tradicional,
_bInstituto Peruano de Seguridad Social,
_c1998
300 _a66 p. ;
_c23 x 17 cm
490 1 _a(Serie Monografía de Plantas Medicinales, 2)
500 _3Monografía etnobotánica
_aPublicación que forma parte de la serie sobre plantas medicinales amazónicas. Presenta datos científicos y tradicionales sobre el uso de la Bixa orellana (achiote), incluyendo estudios fitoquímicos y aplicaciones terapéuticas.
520 _aDesarrolla los aspectos de agrobotánica, especidicaciones de calidad, toxicología, famacología, ensayos clínicos e información para la prescripción del Bixa orellana L. comunmente conocido como Achiote.
650 1 0 _9378
_aPlantas medicinales
_xBixa orellana
_zAmazonía
_zPerú
650 2 0 _95269
_aEtnobotánica
_xMedicina tradicional
_zAmazonía
_zPerú
942 _2lcc
_b15/04/2025
_cBK
999 _c3926
_d3926